000 01258nam0a22003251 4500
001 rc\3777103
005 20250530051140.0
021 _aRU
_b[75-55328]
035 _a(NLR Aleph) 007238228
090 _a7748604
_c7748604
100 _a20120207d1975 |||y0rusy50 ca
101 0 _arus
102 _aRU
105 _aa z |||||
200 1 _aТелевизионные системы отображения информации
210 _aЛенинград
_cЭнергия. Ленингр. отд-ние
_d1975
215 _a81 с.
_cчерт.
_d20
225 1 _aБиблиотека по автоматике
_vВып. 540
300 _aНа обл. 1-й авт.: Я.Я [!] Друзин
320 _aСписок лит.: с. 80 (14 назв.)
606 _aЦифровые вычислительные машины
_xВывод информации
_2psbo
606 _aОтображения устройства
_2psbo
700 1 _6z01790
_aДрузин
_bЯ.В.
_gЯрослав Валериевич
701 1 _aКоганер
_bС.Э.
_gСергей Эйзерович
790 1 _6z01700
_aДрузин
_bЯ.
_gЯ.Я.[!]
801 0 _aRU
_bNLR
_gpsbo
801 1 _aRU
_bELAR
_2rusmarc
852 _aNLR
_j75-4/13682
942 _cBOOK
980 _aNB